| 000 | 00577nam a2200229Ia 4500 | ||
|---|---|---|---|
| 003 | OSt | ||
| 005 | 20220923230650.0 | ||
| 006 | a|||||r|||| 00| 0 | ||
| 007 | ta | ||
| 008 | Pun | ||
| 024 | _a304,579 | ||
| 037 | _cTextual | ||
| 040 |
_aARTS _cARTS _bPun |
||
| 041 |
_2Pun _aPun |
||
| 082 | _aY31:1.236, 153N2 | ||
| 100 | _aਸਿੰਘ, ਸਵਰਨ | ||
| 245 | 0 | _aਧਰਤਿ ਸੁਹਾਵੀ | |
| 260 | _c1992 | ||
| 650 | _aਸਮਾਜ Fਾਸਤਰ | ||
| 942 |
_hY31:1.236, 153N2 _cTEXL _2CC |
||
| 999 |
_c386389 _d386389 |
||